Statistics for What do these Australian flags represent?

Click here to take the quiz!

General Stats

  • This quiz has been taken 17 times
  • The average score is 13 of 20

Answer Stats

Answer% Correct
Northern Territory
94%
Queensland
94%
South Australia
94%
Tasmania
94%
The Queen
94%
Victoria
94%
Western Australia
94%
Australian Capital Territory
88%
New South Wales
88%
Aboriginals
81%
Christmas Island
75%
Federation
69%
Norfolk Island
63%
The Eureka Stockade
56%
Royal Australian Navy
50%
Sydney
38%
Perth
31%
The Governor General
25%
Lower Murray River
13%
Upper Murray River
13%

Score Distribution

Percentile by Number Answered

Percent of People with Each Score

Your Score History

You have not taken this quiz